"Crazy" lyrics quiz - Statistics

General Stats
  • This quiz has been taken 45 times
    43 since last reset
  • The average score is 20 of 32
Answer Stats
Lyrics % Correct
I {remember}, I {remember} when I lost my mind
92%
I {remember} when
92%
And now that you are having the {time} of your life
90%
I {think} you're crazy (3x)
90%
Does {that} make me crazy? (3x)
87%
Just like {me}
87%
Come on now, {who} do you
85%
Ha ha ha, bless your {soul}
85%
{Who} do you think you are?
85%
{Who} do you, {who} do you
85%
Maybe {I'm} crazy
79%
That's my {only} advice
79%
I just knew {too} {much}
72%
You really think you're in {control}?
72%
Well think {twice}
69%
Maybe {we're} crazy
67%
But it wasn't because I didn't know {enough}
59%
Maybe {you're} crazy
59%
Yeah I was out of {touch}
59%
Even your {emotions} have an echo in so much space
54%
I wanna be like {them}
54%
{Possibly}
51%
But when your're out there, without {care}
49%
Ever since I was {little} it looked like fun
49%
Mm hmm ever since I was {little}
49%
There was something so {pleasant} about that place
44%
{Probably} ooh hmm
41%
And I can {die} when I'm done
31%
And it's no {coincidence} I've come
31%
And all I remember, is {thinking}
28%
To lose their {lives} out on a limb
21%
My {heroes} had the heart
18%
No matching quizzes found
Score Distribution
Percent of People with Each Score
Percentile by Number Answered
Your Score History
You have not taken this quiz since the last reset